000 00489nam a22001577a 4500
999 _c8916
_d8916
003 OSt
008 200714b ||||| |||| 00| 0 eng d
020 _a9789387397835
100 _a BHAGAT, VISHWAS KARDILE ,DIPAK SHANKAR , S J NARKHEDE,SACHIN B
245 _aText Book of Computer Applications in Pharmacy Sem-2
250 _a3rd
260 _aNew Delhi
_bNirali Prakashan
_c2020
300 _a7.12
650 _aComputer Science or Computer Application in Pharmacy
942 _2ddc
_cBK